Welcome to CU Library Online Public Access Catalogue (OPAC)

Blackstone's EC Legislation (Record no. 6619)

MARC details
000 -LEADER
fixed length control field 00493nam a22001937a 4500
003 - CONTROL NUMBER IDENTIFIER
control field OSt
005 - DATE AND TIME OF LATEST TRANSACTION
control field 20250621201038.0
008 - FIXED-LENGTH DATA ELEMENTS--GENERAL INFORMATION
fixed length control field 250621b |||||||| |||| 00| 0 eng d
020 ## - INTERNATIONAL STANDARD BOOK NUMBER
International Standard Book Number 9780199254866
040 ## - CATALOGING SOURCE
Transcribing agency DLC
050 ## - LIBRARY OF CONGRESS CALL NUMBER
Classification number KJE916
Item number .B53 2002
100 ## - MAIN ENTRY--PERSONAL NAME
Dates associated with a name Edited by: Nidel G. Foster
245 ## - TITLE STATEMENT
Title Blackstone's EC Legislation
250 ## - EDITION STATEMENT
Edition statement 13th Edition
260 ## - PUBLICATION, DISTRIBUTION, ETC.
Place of publication, distribution, etc. Oxford ;
Name of publisher, distributor, etc. Oxford University Press
Date of publication, distribution, etc. c2002
300 ## - PHYSICAL DESCRIPTION
Extent x, 616 p;
500 ## - GENERAL NOTE
General note Includes Index
942 ## - ADDED ENTRY ELEMENTS (KOHA)
Source of classification or shelving scheme Library of Congress Classification
Koha item type Books
Suppress in OPAC No
Holdings
Withdrawn status Lost status Source of classification or shelving scheme Damaged status Not for loan Collection Home library Current library Shelving location Date acquired Total checkouts Full call number Barcode Date last seen Copy number Price effective from Koha item type
    Library of Congress Classification     Non-fiction Law Library (Christ Temple) Law Library (Christ Temple) General stacks 06/21/2025   KJE916.B53 BLA LLCT00000747 06/21/2025 1 06/21/2025 Books
© 2023-2024 Copyright: Central University Libraries. All Rights Reserved | Created by: Mahone Tech Office